000 01100nam a2200217Ia 4500
001 b5259-34934
003 IT-MiCISF
005 20230306122854.0
008 161014s9999||||xx |||||||||||||| ||und||
040 _aIT-MiCISF
_cIT-MiCISF
041 _ait
100 _aDonati Pierpaolo (a cura di)
_959326
245 0 _aLa cultura della vita.
_bDalla società tradizionale a quella postmoderna
260 _a Milano,
_bFranco Angeli,
_c1989
300 _app. 269
500 _a / bioetica, vita, persona, genetica, trapianti, famiglia, sessualità, antropologia, società, comunicazione, teologia, procreazione-artificiale, diritto, diritto-alla-vita /
650 _abioetica
_956169
700 _aPoletti U., Donati P., Agazzi E., Lejeune J., De Carli L., Colombo B., Cortesini R., Schooyans M., Nordio S., Ancona L., Pontalti C., Lanternari V., Marini-Bettolo G.B.,
_aLombardini S., Zamagni S., Bettetini G., Sgreccia E., Bausola A., Gottier G., Tettamanzi D., Casini C., Angelini G., Bompiani A., D'Agostino F., Fumagalli Carulli O., Santosuosso F.
_959584
942 _cBK
_2ddc
999 _c211907
_d211907
999 _bsi